Keep fit the chinese way
| Other Authors: | |
|---|---|
| Format: | Book |
| Published: |
Kuala Lumpur :
Vinpress Sdn.Bhd ,
1991
|
| Subjects: |
MARC
| LEADER | 00000cam a2200000 7i4500 | ||
|---|---|---|---|
| 001 | 0000005091 | ||
| 002 | 000005492 | ||
| 005 | 20000330.0 | ||
| 020 | |a 9678101378 | ||
| 090 | 0 | 0 | |a 615.82 |b KEE |
| 245 | 0 | 0 | |a Keep fit the chinese way |c compiled by Hu Bin |
| 260 | |a Kuala Lumpur : |b Vinpress Sdn.Bhd , |c 1991 | ||
| 300 | |a 196p. : |b ill. ; |c 21cm. | ||
| 650 | 0 | 0 | |a Exerceise therapy |
| 650 | 0 | 0 | |a Medicine, Chinese |
| 700 | 0 | |a Hu Bin | |
| 999 | |a 030943 |b BUKU |c PINJAMAN |e PERPUSTAKAAN KOMUNITI PETALING JAYA | ||
| 999 | |a 030944 |b BUKU |c PINJAMAN |e PERPUSTAKAAN KOMUNITI PETALING JAYA | ||